00653nam a2200193Ia 450000500170000000800410001702000150005808200200007310000160009324501190010926000500022830000120027865000180029065000160030865000180032494200060034295200960034899900150044420250320045613.0240331s9999 xx 000 0 und d a9559512803 a302.2bMAH2195 aMahendra, S 0aMemory and Message:bNotes on Communication, Development and the Growth of Mass Communication systems in Sri Lanka aRajagiriyabSusitha Industrial Printersc1986 a100 p., aCommunication aDevelopment aEntertainment cL 001040708LaWERCLbWERCLcSSCd2024-03-31l0o 302.2 MAHp195r2024-03-31w2024-03-31yL c1092d1092